00738nam a22002057a 450000500170000001000150001702000260003203500140005803700090007208200080008110000310008924500530012025000060017326000590017927000800023830000210031894200220033999900190036195201520038020240930115029.0 aENG-141814 a9789393701626c499.00 aEN-125346 bDBAD a881 aKhan, Tarana Husain972185 aThe Begum and the Dastan/cBy Tarana Husain Khan a1 aGurugrambHachelle Book Publishing India Pvt Ltdc2021 a4th & 5th Floor, Corporate Centre, Plot No. 94, Sector 44bGurugrame122003 a302p.c20cm.(pb) 2ddccENh881mKHA c206007d206007 001040708NFICaAVbAVd2024-09-30eDelivery of Books Act Divisiong499.00l0o881 KHApEN-125346r2024-09-30 00:00:00t1v499.00w2024-09-30yEN